Представление документа в формате RUSMARC

ПолеНазваниеЗначение
  Тип записи a
  Библиографический уровень a
001 Контрольный номер UONB/MAIN/4784f05b2acb4352ab8b13a72843a4b1
005 Дата корректировки 20260515163503.2
100 Данные общей обработки __
a Данные общей обработки 20260515 ||| 0rusy0189 ca
101 Язык документа 0_
a Язык текста rus
102 Страна публикации __
a Страна публикации RU
200 Заглавие и сведения об ответственности 1_
a Заглавие Каждая минута стоила жизни
f Первые сведения об ответственности О. Золотникова
203 Вид содержания и тип средства __
a Вид содержания Текст
b Характеристика содержания визуальный
c Тип средства непосредственный
330 Аннотация __
a Аннотация Воспоминания Владимира Фролова - ликвидатора аварии на Чернобыльской АЭС.
461 Уровень набора _0
1 2000
a Народная газета
463 Уровень физической единицы _0
1 2000
a № 17 (643) (29 апреля)
v С. 9
1 2101
d 2026
1 001UONB/MAIN/c4fd93d5899f42feb89e32e69922a734
600 Персоналии _1
a Персоналии (Фамилия) Фролов
b Персоналии (Имя, инициалы) В.
g Полное имя Владимир
610 Ключевые слова 0_
a Ключевые слова чернобыльцы; ликвидаторы аварий; атомные станции; воспоминания
686 Индексы других классификаций __
a Классификационный индекс 68.69
700 Автор _1
a Фамилия Золотникова
b Имя (инициалы) О.
g Полное личное имя Олеся
801 Источник записи _0
a Страна RU
b Организация Ульяновская ОНБ
c Дата составления 20260515
g Правила каталогизации RCR
801 Источник записи _1
a Страна RU
b Организация Ульяновская ОНБ
c Дата составления 20260515
g Правила каталогизации RCR
901 Тип документа __
t Тип документа f
w Контрольный № источника UONB/MAIN/c4fd93d5899f42feb89e32e69922a734
909 Создатель записи __
a Создатель записи Елягина
b Дата создания записи 20260515